000 00632nam a2200181Ia 4500
008 100917s9999 xx 000 0 und d
082 _b59024
100 _aकेळकर ग. म.
245 _aयुध्दकथा अजब युध्दतंत्र
260 _bश्री शिक्त प्रकाशन
_c---
300 _a54
365 _b6
520 _aबालविभाग
630 _aयुध्दकथा अजब युध्दतंत्र
650 _aबालविभाग
730 _aयुध्दकथा अजब युध्दतंत्र
942 _cBOOK
999 _c664418
_d664415